| 000 | 01045nam a2200241Ia 4500 | ||
|---|---|---|---|
| 999 |
_c40541 _d40541 |
||
| 001 | 7152 | ||
| 003 | GE_BSU | ||
| 005 | 20231023171158.0 | ||
| 008 | 181216s2010||||ge |||||||||||||| ||geo|| | ||
| 010 | _a9789941160714 | ||
| 040 | _cGE_BSU | ||
| 041 | _ageo | ||
| 080 | _a821.353.1-32 ი-53 | ||
| 100 |
_aინანიშვილი, რევაზ _918450 |
||
| 245 |
_aმოთხრობები : ტ. 5 / _cრევაზ ინანიშვილი ; რედ. ნათელა თუხარელი ; მხატვ. ბადრი გაგნიძე. |
||
| 264 |
_aთბილისი : _bსაქართველოს მაცნე, _c2010. |
||
| 300 |
_a566 გვ. : _b2 ფურც. პორტრეტი ილ. ; _c20 სმ. |
||
| 541 | _h8 ლ. | ||
| 653 | _aმოთხრობები | ||
| 700 |
_aთუხარელი, ნათელა _eრედაქტორი _920193 |
||
| 700 |
_aგაგნიძე, ბადრი _eმხატვარი _91340 |
||
| 942 |
_cBK _2udc |
||